<?xml version="1.0" encoding="UTF-8"?>
<record
    xmlns:xsi="http://www.w3.org/2001/XMLSchema-instance"
    xsi:schemaLocation="http://www.loc.gov/MARC21/slim http://www.loc.gov/standards/marcxml/schema/MARC21slim.xsd"
    xmlns="http://www.loc.gov/MARC21/slim">

  <leader>01811nam0a2200373   4500</leader>
  <controlfield tag="001">RU\NLR\bibl\1723431</controlfield>
  <controlfield tag="005">20260409074440.0</controlfield>
  <datafield tag="010" ind1=" " ind2=" ">
    <subfield code="a">978-5-397-01595-0</subfield>
  </datafield>
  <datafield tag="021" ind1=" " ind2=" ">
    <subfield code="a">RU</subfield>
    <subfield code="b">2010-99039</subfield>
    <subfield code="9">6686</subfield>
  </datafield>
  <datafield tag="035" ind1=" " ind2=" ">
    <subfield code="a">(NLR Aleph) 001714411</subfield>
  </datafield>
  <datafield tag="090" ind1=" " ind2=" ">
    <subfield code="a">1300332</subfield>
    <subfield code="c">1300332</subfield>
  </datafield>
  <datafield tag="100" ind1=" " ind2=" ">
    <subfield code="a">20110117d2011    u  y0rusy50      ca</subfield>
  </datafield>
  <datafield tag="101" ind1="0" ind2=" ">
    <subfield code="a">rus</subfield>
  </datafield>
  <datafield tag="102" ind1=" " ind2=" ">
    <subfield code="a">RU</subfield>
  </datafield>
  <datafield tag="105" ind1=" " ind2=" ">
    <subfield code="a">y   |||||||||</subfield>
  </datafield>
  <datafield tag="200" ind1="1" ind2=" ">
    <subfield code="a">&#x41C;&#x438;&#x440;&#x43E;&#x432;&#x43E;&#x437;&#x437;&#x440;&#x435;&#x43D;&#x438;&#x435; &#x438; &#x43C;&#x438;&#x440;&#x43E;&#x432;&#x43E;&#x437;&#x437;&#x440;&#x435;&#x43D;&#x438;&#x44F;</subfield>
    <subfield code="e">&#x43E;&#x447;&#x435;&#x440;&#x43A;&#x438; &#x438; &#x445;&#x430;&#x440;&#x430;&#x43A;&#x442;&#x435;&#x440;&#x438;&#x441;&#x442;&#x438;&#x43A;&#x438;</subfield>
    <subfield code="e">[&#x41B;. &#x411;&#x435;&#x440;&#x433;&#x441;&#x43E;&#x43D;, &#x423;. &#x414;&#x436;&#x435;&#x43C;&#x441;, &#x418;. &#x414;&#x438;&#x446;&#x433;&#x435;&#x43D;, &#x41B;. &#x422;&#x43E;&#x43B;&#x441;&#x442;&#x43E;&#x439;, &#x424;. &#x41D;&#x438;&#x446;&#x448;&#x435;]</subfield>
    <subfield code="f">&#x41F;.&#x421;. &#x42E;&#x448;&#x43A;&#x435;&#x432;&#x438;&#x447;</subfield>
  </datafield>
  <datafield tag="205" ind1=" " ind2=" ">
    <subfield code="a">&#x418;&#x437;&#x434;. 2-&#x435;</subfield>
  </datafield>
  <datafield tag="210" ind1=" " ind2=" ">
    <subfield code="a">&#x41C;&#x43E;&#x441;&#x43A;&#x432;&#x430;</subfield>
    <subfield code="c">URSS</subfield>
    <subfield code="c">&#x41B;&#x418;&#x411;&#x420;&#x41E;&#x41A;&#x41E;&#x41C;</subfield>
    <subfield code="d">2011</subfield>
  </datafield>
  <datafield tag="215" ind1=" " ind2=" ">
    <subfield code="a">183 c.</subfield>
    <subfield code="d">22</subfield>
  </datafield>
  <datafield tag="225" ind1="1" ind2=" ">
    <subfield code="a">&#x418;&#x437; &#x43D;&#x430;&#x441;&#x43B;&#x435;&#x434;&#x438;&#x44F; &#x43C;&#x438;&#x440;&#x43E;&#x432;&#x43E;&#x439; &#x444;&#x438;&#x43B;&#x43E;&#x441;&#x43E;&#x444;&#x441;&#x43A;&#x43E;&#x439; &#x43C;&#x44B;&#x441;&#x43B;&#x438;: &#x432;&#x435;&#x43B;&#x438;&#x43A;&#x438;&#x435; &#x444;&#x438;&#x43B;&#x43E;&#x441;&#x43E;&#x444;&#x44B;</subfield>
  </datafield>
  <datafield tag="606" ind1=" " ind2=" ">
    <subfield code="a">&#x41C;&#x438;&#x440;&#x43E;&#x432;&#x43E;&#x437;&#x437;&#x440;&#x435;&#x43D;&#x438;&#x435; (&#x444;&#x438;&#x43B;&#x43E;&#x441;.)</subfield>
    <subfield code="3">RU\NLR\auth\661294710</subfield>
    <subfield code="9">2149692</subfield>
  </datafield>
  <datafield tag="686" ind1=" " ind2=" ">
    <subfield code="a">&#x42E;0&#x432;01</subfield>
  </datafield>
  <datafield tag="686" ind1=" " ind2=" ">
    <subfield code="a">&#x42E;3(2)6-642</subfield>
  </datafield>
  <datafield tag="700" ind1=" " ind2="1">
    <subfield code="4">070</subfield>
    <subfield code="8">rus</subfield>
    <subfield code="7">ca</subfield>
    <subfield code="a">&#x42E;&#x448;&#x43A;&#x435;&#x432;&#x438;&#x447;</subfield>
    <subfield code="b">&#x41F;. &#x421;.</subfield>
    <subfield code="f">1873-1945</subfield>
    <subfield code="g">&#x41F;&#x430;&#x432;&#x435;&#x43B; &#x421;&#x43E;&#x43B;&#x43E;&#x43C;&#x43E;&#x43D;&#x43E;&#x432;&#x438;&#x447;</subfield>
    <subfield code="3">RU\NLR\auth\7787910</subfield>
    <subfield code="9">70838</subfield>
  </datafield>
  <datafield tag="702" ind1=" " ind2="1">
    <subfield code="4">570</subfield>
    <subfield code="8">rus</subfield>
    <subfield code="7">ca</subfield>
    <subfield code="a">&#x411;&#x435;&#x440;&#x433;&#x441;&#x43E;&#x43D;</subfield>
    <subfield code="b">&#x410;.</subfield>
    <subfield code="f">1859-1941</subfield>
    <subfield code="g">&#x410;&#x43D;&#x440;&#x438;</subfield>
    <subfield code="3">RU\NLR\auth\7719801</subfield>
    <subfield code="9">2872</subfield>
  </datafield>
  <datafield tag="702" ind1=" " ind2="1">
    <subfield code="4">570</subfield>
    <subfield code="8">rus</subfield>
    <subfield code="7">ca</subfield>
    <subfield code="a">&#x414;&#x436;&#x435;&#x439;&#x43C;&#x441;</subfield>
    <subfield code="b">&#x423;.</subfield>
    <subfield code="c">&#x444;&#x438;&#x43B;&#x43E;&#x441;&#x43E;&#x444;, &#x43F;&#x441;&#x438;&#x445;&#x43E;&#x43B;&#x43E;&#x433;</subfield>
    <subfield code="f">1842-1910</subfield>
    <subfield code="g">&#x423;&#x438;&#x43B;&#x44C;&#x44F;&#x43C;</subfield>
    <subfield code="3">RU\NLR\auth\7777609</subfield>
    <subfield code="9">60537</subfield>
  </datafield>
  <datafield tag="702" ind1=" " ind2="1">
    <subfield code="4">570</subfield>
    <subfield code="8">rus</subfield>
    <subfield code="7">ca</subfield>
    <subfield code="a">&#x414;&#x438;&#x446;&#x433;&#x435;&#x43D;</subfield>
    <subfield code="b">&#x418;.</subfield>
    <subfield code="f">1828-1888</subfield>
    <subfield code="g">&#x418;&#x43E;&#x441;&#x438;&#x444;</subfield>
    <subfield code="3">RU\NLR\auth\7791049</subfield>
    <subfield code="9">73976</subfield>
  </datafield>
  <datafield tag="702" ind1=" " ind2="1">
    <subfield code="4">570</subfield>
    <subfield code="8">rus</subfield>
    <subfield code="7">ca</subfield>
    <subfield code="a">&#x422;&#x43E;&#x43B;&#x441;&#x442;&#x43E;&#x439;</subfield>
    <subfield code="b">&#x41B;. &#x41D;.</subfield>
    <subfield code="f">1828-1910</subfield>
    <subfield code="g">&#x41B;&#x435;&#x432; &#x41D;&#x438;&#x43A;&#x43E;&#x43B;&#x430;&#x435;&#x432;&#x438;&#x447;</subfield>
    <subfield code="3">RU\NLR\auth\771515</subfield>
    <subfield code="9">111537</subfield>
  </datafield>
  <datafield tag="702" ind1=" " ind2="1">
    <subfield code="4">570</subfield>
    <subfield code="8">rus</subfield>
    <subfield code="7">ca</subfield>
    <subfield code="a">&#x41D;&#x438;&#x446;&#x448;&#x435;</subfield>
    <subfield code="b">&#x424;. &#x412;.</subfield>
    <subfield code="f">1844-1900</subfield>
    <subfield code="g">&#x424;&#x440;&#x438;&#x434;&#x440;&#x438;&#x445; &#x412;&#x438;&#x43B;&#x44C;&#x433;&#x435;&#x43B;&#x44C;&#x43C;</subfield>
    <subfield code="3">RU\NLR\auth\772013</subfield>
    <subfield code="9">112030</subfield>
  </datafield>
  <datafield tag="801" ind1=" " ind2="0">
    <subfield code="a">RU</subfield>
    <subfield code="b">NLR</subfield>
    <subfield code="c">20110117</subfield>
    <subfield code="g">RCR</subfield>
  </datafield>
  <datafield tag="801" ind1=" " ind2="1">
    <subfield code="a">RU</subfield>
    <subfield code="b">NLR</subfield>
    <subfield code="c">20110117</subfield>
  </datafield>
  <datafield tag="942" ind1=" " ind2=" ">
    <subfield code="c">BOOK</subfield>
  </datafield>
  <datafield tag="980" ind1=" " ind2=" ">
    <subfield code="a">NB</subfield>
  </datafield>
  <datafield tag="995" ind1=" " ind2=" ">
    <subfield code="5">2011-01-17</subfield>
    <subfield code="a">ad</subfield>
    <subfield code="b">NLR01</subfield>
    <subfield code="c">NLR01</subfield>
    <subfield code="e">RF8</subfield>
    <subfield code="f">1-823924</subfield>
    <subfield code="k">2011-5/235</subfield>
    <subfield code="o">0</subfield>
    <subfield code="r">BOOK</subfield>
    <subfield code="s">20115235_</subfield>
  </datafield>
  <datafield tag="995" ind1=" " ind2=" ">
    <subfield code="5">2011-01-17</subfield>
    <subfield code="a">ad</subfield>
    <subfield code="b">NLR01</subfield>
    <subfield code="c">NLR01</subfield>
    <subfield code="e">RF8</subfield>
    <subfield code="f">3334207</subfield>
    <subfield code="k">2011-5/235</subfield>
    <subfield code="o">0</subfield>
    <subfield code="r">BOOK</subfield>
    <subfield code="s">20115235_</subfield>
  </datafield>
</record>
